A buddhizmustól az ateizmusig zsidó vallás /

Elmentve itt :
Bibliográfiai részletek
Szerzők: Szilárdi Réka
Barcsa Krisztina
Dokumentumtípus: Vegyes gyűjtemény
Megjelent: 2019-01
Kulcsszavak:vallástörténet
zsidó
vallás
története
Tárgyszavak:
Online Access:http://eta.bibl.u-szeged.hu/1933
LEADER 02522noc a2200421 i 4500
001 eta1933
005 20260305141531.0
008 190305s2019 hu o 000 hun d
040 |a SZTE Elektronikus Tananyag Archívum  |b hun 
041 |a hun 
100 1 |a Szilárdi Réka 
245 1 2 |a A buddhizmustól az ateizmusig   |h [elektronikus dokumentum] :  |b zsidó vallás /  |c  Szilárdi Réka 
246 1 0 |a From buddhism to ateism : judaism  |h [elektronikus dokumentum] 
260 |c 2019-01 
650 4 |a Bölcsészettudományok 
650 4 |a Filozófia, etika és vallástudományok 
650 4 |a Vallástudományok 
650 4 |a Vallástörténet 
695 |a vallástörténet 
695 |a zsidó 
695 |a vallás 
695 |a története 
700 0 1 |a Szilárdi Réka 
700 0 1 |a Barcsa Krisztina 
700 0 1 |a Barcsa Krisztina  |e aut 
856 4 0 |u https://eta.bibl.u-szeged.hu/1933/8/EFOP343_AP6-BTK1_Buddhizmustol_ateizmusig_Zsidosag_olvasolecke_VT_Tanszek_20190121.pdf  |z Dokumentum-elérés  
856 4 0 |u https://eta.bibl.u-szeged.hu/1933/2/EFOP343_AP6-BTK1_Buddhizmustol_ateizmusig_Zsidosag_1szoveges_melleklet_VT_Tanszek_20190121.pdf  |z Dokumentum-elérés  
856 4 0 |u https://eta.bibl.u-szeged.hu/1933/5/EFOP343_AP6-BTK1_Buddhizmustol_ateizmusig_Zsidosag_2szoveges_melleklet_VT_Tanszek_20190121.pdf  |z Dokumentum-elérés  
856 4 0 |u https://eta.bibl.u-szeged.hu/1933/4/EFOP343_AP6-BTK1_Buddhizmustol_ateizmusig_Zsidosag_3szoveges_melleklet_VT_Tanszek_20190121.pdf  |z Dokumentum-elérés  
856 4 0 |u https://eta.bibl.u-szeged.hu/1933/30/EFOP343_AP6-BTK1_Buddhizmustol_ateizmusig_Zsidosag_1video_fogalmak_VT_Tanszek_20190121.mp4  |z Dokumentum-elérés  
856 4 0 |u https://eta.bibl.u-szeged.hu/1933/31/EFOP343_AP6-BTK1_Buddhizmustol_ateizmusig_Zsidosag_2video_idoszamitas_VT_Tanszek_20190121.mp4  |z Dokumentum-elérés  
856 4 0 |u https://eta.bibl.u-szeged.hu/1933/32/EFOP343_AP6-BTK1_Buddhizmustol_ateizmusig_Zsidosag_3video_Galuth_VT_Tanszek_20190121.mp4  |z Dokumentum-elérés  
856 4 0 |u https://eta.bibl.u-szeged.hu/1933/33/felirat.vtt  |z Dokumentum-elérés  
856 4 0 |u https://eta.bibl.u-szeged.hu/1933/34/felirat.html  |z Dokumentum-elérés  
856 4 0 |u https://eta.bibl.u-szeged.hu/1933/35/felirat.vtt  |z Dokumentum-elérés  
856 4 0 |u https://eta.bibl.u-szeged.hu/1933/36/felirat.html  |z Dokumentum-elérés  
856 4 0 |u https://eta.bibl.u-szeged.hu/1933/37/felirat.vtt  |z Dokumentum-elérés  
856 4 0 |u https://eta.bibl.u-szeged.hu/1933/38/felirat.html  |z Dokumentum-elérés